La escuelita : relatos testimoniales /
Este relato ha sido evaluado como testimonio por la Unidad de Asistencia para Causas de Violaciones a los Derechos Humanos durante el Terrorismo de Estado de la Provincia de Buenos Aires para los juicios reabiertos en la ciudad de Bahía Blanca y en los juicios por la Verdad
Guardado en:
| Autor Principal: | |
|---|---|
| Otros Autores: | |
| Formato: | Libro |
| Idioma: | Undetermined |
| Publicado: |
Buenos Aires :
La Bohemia,
2011.
|
| Edición: | 2a ed. |
| Materias: | |
| Etiquetas: |
Agregar Etiqueta
Sin Etiquetas, Sea el primero en etiquetar este registro!
|
| LEADER | 00930nam a22002295a 4500 | ||
|---|---|---|---|
| 001 | CEM.cems020075 | ||
| 008 | 230508s2011####ag############000#0#und#d | ||
| 005 | 20230508134743.0 | ||
| 245 | 1 | 0 | |a La escuelita : |b relatos testimoniales / |c Alicia Partnoy; prólogo de Osvaldo Bayer. |
| 250 | |a 2a ed. | ||
| 260 | |a Buenos Aires : |b La Bohemia, |c 2011. | ||
| 300 | |a 160 p. | ||
| 520 | |a Este relato ha sido evaluado como testimonio por la Unidad de Asistencia para Causas de Violaciones a los Derechos Humanos durante el Terrorismo de Estado de la Provincia de Buenos Aires para los juicios reabiertos en la ciudad de Bahía Blanca y en los juicios por la Verdad | ||
| 020 | |a 9789871019502 | ||
| 100 | 1 | |a Partnoy, Alicia. | |
| 700 | 1 | |a Bayer, Osvaldo; prol. | |
| 653 | |a Literatura | ||
| 653 | |a Relatos | ||
| 653 | |a Testimonio | ||
| 653 | |a Memorias | ||
| 653 | |a Dictadura | ||
| 859 | |a CEMS |b BIB. CEMS - 11 de abril |h 364.15 |i P258 |p 29435.23 |t Ej.1 | ||
